The American Democracy (Record no. 345558)
[ view plain ]
| 000 -LEADER | |
|---|---|
| fixed length control field | 00429 a2200181 4500 |
| 003 - CONTROL NUMBER IDENTIFIER | |
| control field | OSt |
| 005 - DATE AND TIME OF LATEST TRANSACTION | |
| control field | 20180116182748.0 |
| 008 - FIXED-LENGTH DATA ELEMENTS--GENERAL INFORMATION | |
| fixed length control field | 160615b xxu||||| |||| 00| 0 eng d |
| 020 ## - INTERNATIONAL STANDARD BOOK NUMBER | |
| International Standard Book Number | 0 |
| 040 ## - CATALOGING SOURCE | |
| Transcribing agency | 0 |
| 082 ## - DEWEY DECIMAL CLASSIFICATION NUMBER | |
| Classification number | 658.4519 PAT 1989 |
| 100 ## - MAIN ENTRY--PERSONAL NAME | |
| Personal name | Thomas E |
| 245 ## - TITLE STATEMENT | |
| Title | The American Democracy |
| Statement of responsibility, etc. | Thomas E |
| 250 ## - EDITION STATEMENT | |
| Edition statement | Election Ed |
| 260 ## - PUBLICATION, DISTRIBUTION, ETC. | |
| Place of publication, distribution, etc. | Islamabad |
| Date of publication, distribution, etc. | 1989 |
| 300 ## - PHYSICAL DESCRIPTION | |
| Extent | 623 p. |
| Other physical details | HB |
| 942 ## - ADDED ENTRY ELEMENTS (KOHA) | |
| Institution code [OBSOLETE] | NBS |
| Koha item type | Book |
| Call number prefix | 658.4519 PAT |
| Source of classification or shelving scheme | |
| Withdrawn status | Lost status | Damaged status | Not for loan | Permanent Location | Current Location | Date acquired | Total Checkouts | Full call number | Barcode | Date last seen | Price effective from | Koha item type | Date last checked out |
|---|---|---|---|---|---|---|---|---|---|---|---|---|---|
| Central Library (CL) | Central Library (CL) | 08/28/2013 | 658.4519 PAT | NBSD-892 | 06/15/2016 | 08/28/2013 | Book | ||||||
| Central Library (CL) | Central Library (CL) | 08/28/2013 | 658.4519 PAT | NBSD-891 | 08/28/2013 | 08/28/2013 | Book | ||||||
| Central Library (CL) | Central Library (CL) | 08/28/2013 | 1 | 658.4519 PAT | NBSD-893 | 05/18/2015 | 08/28/2013 | Book | 05/18/2015 |
